Quizzes
Events
Quiz Creation
Community
Videos
Private Events
Remove Ads
Sign In
Join for FREE
Feedback
Dark Mode
Quiz Categories
Sports
Geography
Music
Movies
Television
Just For Fun
Miscellaneous
History
Literature
Language
Science
Gaming
Entertainment
Religion
Holiday
For Kids
Quiz Lab
Recent
Popular Today
Quiz Kudos Today
Editor Picks
Curator Picks
Quizzes by...
Day
Popularity
Type
Ratings
Length
Year
Community
Subscriptions
Recent Discussions
Orange Saloon
Badges
Playlists
Quests
Create
Leaderboards
Showdown
Live 5
Trivia Bingo
Activity
Puzzle Library
Sporcle Events
Private Events
Virtual Trivia
Globe League
Become a Host
Pub Owners
SporcleCon
Opinionation
Our Games
Videos
Blog
Mobile Apps
Partnerships
Remove Ads and Go Orange
Feedback
Movies
Disney
Marvel Cinematic Universe
Movie Resume
Movie Titles
Oscar
Actor
Actress
Director
Pixar
Role
Movie Quotes
Movie Characters
Box Office
Nominee
Best Picture
Star Wars
James Bond
Horror Movies
Movies
Disney
Marvel Cinematic Universe
Movie Resume
Movie Titles
Oscar
Actor
Actress
Director
Pixar
Role
Movie Quotes
Movie Characters
Box Office
Nominee
Best Picture
Star Wars
James Bond
Horror Movies
Random Quiz
Search Sporcle
×
Quiz Lab
Quiz Lab
Movies
Actor
Type in answers that appear in a list
Type in answers that appear in a list
Classic
Best Score? Go Orange.
Actors of the Twilight Saga Stats
Can you name the Actors of the Twilight Saga ?
By
nwselzer
7m
44 Questions
222 Plays
222 Plays
222 Plays
Comments
Comments
Give Quiz Kudos
Give Quiz Kudos
-
- Ratings
hide this ad
Forced Order
Answers have to be entered in order
Answers have to be entered in order
Replay
Link that replays current quiz
Next Quiz
Link to next quiz in quiz playlist
You Got
0%
They Got
Avg Score
31%
Avg Friend Score
Upgrade to see
Score Distribution
Jump to the score distribution portion of the page
Score
0/44
Timer
07:00
0
Plays Today
Character
Actor
% Correct
Bella Swan
Kristen Stewart
95%
Edward Cullen
Robert Pattinson
94.6%
Jacob Black
Taylor Lautner
89.2%
Alice Cullen
Ashley Greene
79.3%
Emmett Cullen
Kellan Lutz
71.6%
Jasper Hale
Jackson Rathbone
68.9%
Roasalie Hale
Nikki Reed
65.8%
Carlisle Cullen
Peter Facinelli
59%
Charlie Swan
Billy Burke
57.7%
Jane
Dakota Fanning
56.8%
Esme Cullen
Elizabeth Reaser
45.5%
James
Cam Gigandet
44.6%
Victoria 2
Bryce Dallas Howard
39.2%
Victoria 1
Rachelle Lefevre
35.6%
Laurent
Edi Gathegi
32.4%
Jessica Stanley
Anna Kendrick
32%
Aro
Michael Sheen
31.1%
Billy Black
GIl Birmingham
30.6%
Seth Clearwater
Boo Boo Stewart
27.5%
Mike Newton
Michael Welch
27%
Angela
Christian Serratos
24.3%
Eric Yorkie
Justin Chon
22.5%
Character
Actor
% Correct
Paul
Alex Meraz
22.1%
Sam Uley
Chaske Spencer
21.2%
Caius
Jamie Campbell Bower
20.7%
Embry Call
Kiowa Gordon
18%
Jared
Bronson Pelletier
14%
Riley
Xavier Samuel
13.5%
Renée
Sarah Clarke
13.1%
Quil Ateara
Tyson Houseman
12.6%
Alec
Cameron Bright
12.6%
Lea Clearwater
Julia Jones
11.7%
Emily Young
Tinsel Korey
10.4%
Felix
Daniel Cudmore
9%
Demetri
Charlie Bewley
9%
Marcus
Christopher Heyerdahl
7.2%
Heidi
Noot Seear
7.2%
Harry Clearwater
Graham Greene
7.2%
Bree
Jodelle Ferland
6.8%
Tyler
Gregory Tyree Boyce
6.3%
Royce King II
Jack Huston
5%
Phil
Matt Bushell
4.5%
Lucy
Kirsten Prout
3.6%
Maria
Catalina Sandino Moreno
3.2%
Quiz Playlist
Details
Report
Send in Message
Add To Playlist
Classic:
Type in answers that appear in a list
Forced Order:
Answers have to be entered in order
Last Updated: Feb 16, 2017
Quiz Scoreboard
CHALLENGE
Sign Up to Join the Scoreboard
Show All
Scores
Hide
Comments
May contain spoilers
Recently Published
Movies - When Are They Set?
by FPL_Elf
Movies
5m
Popular People in 1961
by mucciniale
History
6m
1-10 Letter E Words III
by El_Dandy
Language
2m
More to Explore
Quiz From the Vault
Featured Blog Post
Where Did the Easter Bunny Come From?
hide this ad
You Might Also Like...
Tags
Actor Quiz
Character
saga
Twilight
Today's Top Quizzes in Movies
Browse Movies
hide this ad
Today's Top Quizzes in Actor
Browse Actor
Top Contributed Quizzes in Movies
1
Pick 5 Posters: Directed by Spielberg
2
Multi-Oscar Nominations, One Movie, One Winner
3
One Thing in Common: Movies
4
12 Movies about Fictional 1960s Events
5
One Thing in Common: Movies II
6
Sunday Crossword: Film Score Composers
7
Three Word 'H' Movies Match Up
8
Three Word 'T' Movies Match Up
9
One Thing in Common: Oscars
10
Three Word 'M' Movies Match Up
Explore More
Trending Topics
NBA
Crossword
Marvel
Harry Potter
Kpop
Anime
Disney
NFL
The Office
Pokémon
WWE
Song
Country
Puzzle
Soccer
hide this ad
Score Distribution
Quiz Creator Spotlight
nwselzer
Follow
Send a Message
Quizzes Created
-
Created Quiz Play Count
-
Popular Quizzes Today
1
Find the Countries of Europe - No Outlines Minefield
2
Find the US States - No Outlines Minefield
3
The Countries of the World
4
Popular People in 1961
5
1-10 Letter E Words III
6
US States
7
Find the US States
8
One Thing in Common: World Cities II
More Movies Quizzes
21 Actresses in 1961 Movie Posters
Quiz Lab
Trending Quizzes
Risky Map Clicking: Least Populous States A-Z
1-10 Letter F Words
Humor Books: The Subtitles
1-10 Letter G Words
One Thing in Common: United Kingdom
Recently Updated
Leaping Animals
pecheneg
Reality TV Shows (A-Z)
bhenderson79
Rickey Henderson's Hall of Fame Teammates
pecheneg
Champions League XIs: Arsenal
pecheneg
Quick Pick: Celebrities in WWE's Hall of Fame
aduchscher
A-Z Keypad Blitz II
pecheneg
Multiple Oscar Actors
pecheneg
Mystery Phrase Blitz: Oscar 'Best Actors'
pecheneg
F. Scott Fitzgerald Novels
LTH
Pick 3 Villains
ddd62291
Trending Topics
NBA
Crossword
Marvel
Harry Potter
Disney
Anime
Kpop
Country
NFL
Puzzle
Soccer
Song
The Office
Pokémon
WWE
Your Account Isn't Verified!
In order to create a playlist on Sporcle, you need to verify the email address you used during registration. Go to your
Sporcle Settings
to finish the process.
Report this User
Report this user for behavior that violates our
Community Guidelines
.
Details:
Send Report
Go to the Sporcle.com Mobile Site →
Comments